000 00371 a2200133 4500
005 20250508135346.0
020 _a0-07-057495-2
082 _a658.4 SIL
100 _aSILVER, G. A.
245 _aIntroduction to Modern Business.
260 _aNew York,
_bMcgraw- Hill book company,
_c1978.
300 _aviii, 563p.: Ill.;figures & picture
_bIndex
_c24cm.
942 _2ddc
_cBKS
999 _c2205
_d2205